000 00370nam a2200145Ia 4500
008 230917s9999||||xx |||||||||||||| ||und||
040 _e99644
_aMAIN
041 _aEnglish
082 _a370.15 V443S
100 _aVashishtha, Vijendra Kumar
245 0 _aShiksha manovigyan
260 _aNew Delhi
_bArjun Publishing House
_c2003
300 _av, 233 p.
942 _cBK
999 _c116522
_d116522